Los volcanes echan lava : (Record no. 150257)

MARC details
000 -CABECERA
campo de control de longitud fija 00809nam a2200241 u 4500
005 - FECHA Y HORA DE LA ÚLTIMA TRANSACCIÓN
campo de control 20240229063617.0
008 - ELEMENTOS DE LONGITUD FIJA--INFORMACIÓN GENERAL
campo de control de longitud fija 101012s2005 es r 000 0 spa d
020 ## - NÚMERO INTERNACIONAL NORMALIZADO PARA LIBROS
Número Internacional Estándar del Libro 8424106466
035 ## - NÚMERO DE CONTROL DEL SISTEMA
Número de control de sistema UPN01000178154
049 ## - COLECCIÓN
Colección I
050 #4 - SIGNATURA TOPOGRÁFICA DE LA BIBLIOTECA DEL CONGRESO
Número de clasificación Q163
Número de documento/Ítem G7.8
100 1# - ASIENTO PRINCIPAL--NOMBRE PERSONAL
Nombre de persona Greenwood, Rosie
9 (RLIN) 33858
245 14 - MENCIÓN DE TÍTULO
Título Los volcanes echan lava :
Resto del título y otras preguntas sobre desastres naturales /
Mención de responsabilidad, etc. Rosie Greenwood ; tr. Alberto Jiménez Rioja.
260 ## - PUBLICACIÓN, DISTRIBUCIÓN, ETC.
Lugar de publicación, distribución, etc. España :
Nombre del editor, distribuidor, etc. Everest,
Fecha de publicación, distribución, etc. 2005.
300 ## - DESCRIPCIÓN FÍSICA
Extensión 32 p. :
Otras características físicas il. col.
440 #0 - MENCIÓN DE SERIE/ASIENTO SECUNDARIO--TÍTULO
Título Me pregunto por qué
440 #0 - MENCIÓN DE SERIE/ASIENTO SECUNDARIO--TÍTULO
Título Mi primera enciclopedia
534 ## - NOTA SOBRE LA VERSIÓN ORIGINAL
Frase introductoria Título original:
Mención de título del original I wonder why volcanoes blow their tops
650 #2 - ASIENTO SECUNDARIO DE MATERIA - TERMINO TEMATICO
Término de materia o nombre geográfico como elemento de entrada Ciencia
Subdivisión de forma Literatura juvenil
9 (RLIN) 6801
650 #4 - ASIENTO SECUNDARIO DE MATERIA - TERMINO TEMATICO
Término de materia o nombre geográfico como elemento de entrada PREGUNTAS Y RESPUESTAS
9 (RLIN) 5370
650 #2 - ASIENTO SECUNDARIO DE MATERIA - TERMINO TEMATICO
Término de materia o nombre geográfico como elemento de entrada Desastres naturales
9 (RLIN) 17411
905 ## - TIPO DE MATERIAL
Tipo de material Infantil
Holdings
Estado de retiro Estado de pérdida Fuente del sistema de clasificación o colocación Estado dañado No para préstamo Código de colección Localización permanente Ubicación/localización actual Ubicación en estantería Fecha de adquisición Total de préstamos Renovaciones totales Clasificación Código de barras Fecha visto por última vez Fecha del último préstamo Número de copia Tipo de ítem Koha
    Library of Congress Classification     Infantil Bib. Gregorio Torres Quintero Bib. Gregorio Torres Quintero Sala infantil Planta baja 26/09/2022 3 1 Q163 G7.8 256731 17/10/2022 26/09/2022 1 Libro